[Event "Tripoli Winter op"]
[Site "Tripoli"]
[Date "2018.02.06"]
[Round "2"]
[White "Ahmed, Osaman"]
[Black "Attir, Abdurrahman"]
[Result "1-0"]
[WhiteElo "1993"]
[BlackElo "1740"]
[PlyCount "41"]
[EventDate "2018.02.05"]
[EventType "swiss"]
[EventRounds "9"]
[EventCountry "LBY"]
[SourceTitle "CBM 182 Extra"]
[Source "ChessBase"]
[SourceDate "2018.02.23"]
[SourceVersion "1"]
[SourceVersionDate "2018.02.23"]
[SourceQuality "1"]

1. e4 c5 2. Nf3 d6 3. d4 cxd4 4. Nxd4 Nf6 5. Nc3 Nc6 6. Be2 g6 7. Be3 Bg7 8. h3 Bd7 9. Qd2 a6 10. g4 h6 11. f4 e5 12. Nb3 Qc7 13. 0-0-0 Bf8 14. g5 hxg5 15. fxg5 Nh5 16. Nd5 Qb8 17. Bb6 Be7 18. Bg4 Bd8 19. Bxd8 Qxd8 20. Bxh5 gxh5 21. Nf6+ 1-0